书目信息 |
| 题名: |
棚车少年
|
|
| 作者: | 沃纳 著 ;钱慧琳 译 | |
| 分册: | 8 灯塔之谜 | |
| 出版信息: | 长沙 湖南少年儿童出版社 2021.12 |
|
| 页数: | 204页 | |
| 开本: | 21cm | |
| 丛书名: | ||
| 单 册: | ||
| 中图分类: | H319.4:I712.84 , H319.4:I | |
| 科图分类: | ||
| 主题词: | 英语--汉语--对照读物 , 儿童小说--中篇小说--美国--现代 | |
| 电子资源: | ||
| ISBN: | 978-7-5562-6014-0 | |
| 000 | 00864nam0 2200265 450 | |
| 001 | 29448 | |
| 005 | 20221105153844.45 | |
| 010 | @a978-7-5562-6014-0@dCNY25.80 | |
| 100 | @a20220428d2021 cemy0chiy0120 ea | |
| 101 | 2 | @achi@aeng@ceng |
| 102 | @aCN@b430000 | |
| 105 | @aa z 000ay | |
| 200 | 1 | @a棚车少年@h8@i灯塔之谜@f(美)钱德勒·华娜著@g钱慧琳译@Apeng che shao nian |
| 210 | @a长沙@c湖南少年儿童出版社@d2021.12 | |
| 215 | @a204页@c图@d21cm | |
| 300 | @a中英双语 第一辑 | |
| 304 | @a英文共同题名:The boxcar children | |
| 606 | 0 | @a英语@x汉语@j对照读物 |
| 606 | 0 | @a儿童小说@x中篇小说@y美国@z现代 |
| 690 | @aH319.4:I712.84@v5 | |
| 690 | @aH319.4:I@v4 | |
| 701 | 0 | @c(美)@a沃纳@c(女,Warner, Gertrude Chandler@f1890~1979)@4著@Awo na |
| 702 | 0 | @a钱慧琳@4译@Aqian hui lin |
| 801 | 0 | @aCN@c20220910 |
| 905 | @a河南城建学院图书馆@dH319.4:I@eH682:8@f1 | |
| 棚车少年.8.灯塔之谜/(美)钱德勒·华娜著/钱慧琳译.-长沙:湖南少年儿童出版社,2021.12 |
| 204页:图;21cm |
| 中英双语 第一辑 |
| ISBN 978-7-5562-6014-0:CNY25.80 |
| ● |
| 相关链接 |
|
|
|
正题名:棚车少年
索取号:H319.4:I/H682:8
 
预约/预借
| 序号 | 登录号 | 条形码 | 馆藏地/架位号 | 状态 | 备注 |
| 1 | 1583032 | 215830322 | 语言库209/209语言库 53排4列4层/ [索取号:H319.4:I/H682:8] | 在馆 |